000 00769nas a2200253 4500
001 BR9903295
003 BR-BrBNA
005 20231205101457.0
007 ta
008 230509b bl.|||p| |||| 00| 00por d
040 _aBR-BrBNA
_bpor
_cBiblioteca Nacional de Agricultura
041 _a(Pt)
072 _aQ04
100 1 _aHoffmann, F.L.
100 1 _aRomanelli, P.F.
245 1 _aAnalise microbiologica da carne de jacare do Pantanal (Caiman crocodilus yacare)
650 _aJacare
650 _aCarne
650 _aAnalise Microbiologica
650 _aPantanal
773 0 _tCiencia e Tecnologia de Alimentos (Brazil)
_xISSN 0101-2061
_g(Aug-Oct 1998), v. 18(3) p. 258-264
_wBR9903295
909 _a202311
_bLúcia
_c55
_dLúcia Elande
942 _2AGRIS
_n0
_cANA
999 _c162095
_d162095